000 00235nam a22000857a 4500
008 230211b ||||| |||| 00| 0 eng d
100 _aFirby, Charles G
245 _aRarities of Philatelic Literature (Dec 1997)
650 _aRarities|Reference
999 _c3495
_d3495